| 000 | 00599nam a22001817a 4500 | ||
|---|---|---|---|
| 999 |
_c186248 _d186248 |
||
| 005 | 20220218151917.0 | ||
| 010 | _aENG-131682 | ||
| 020 |
_a9789383959372 _c370.00 |
||
| 035 | _aEN-115214 | ||
| 037 | _bDBAD | ||
| 082 | _a658.00182 | ||
| 245 |
_aQuantitative Methods: _bI-BBA/I-Semester/ _cC.H. Venkateswarlu et.al. |
||
| 260 |
_aHyderabad _bAmaravati Publications _c2021 |
||
| 270 |
_a# 326/C, Level 2, Surneni Nilayam Near B K Guda Park, S R Nagar _bHyderabad _e500038 |
||
| 300 |
_axvi, 448p. _c24cm(pbk) |
||
| 700 | _aVenkateswarlu, C.H. | ||
| 942 |
_2ddc _cEN _h658.00182 _mVEN |
||